000 00280 a2200133 4500
001 150949
040 _cEscola São Tomás de Aquino
240 1 0 _aVida moderna
_lpor
245 1 0 _aVida moderna
362 0 _a1995
440 1 _a
697 _a*LITERATURA INFANTO
942 _cBK
999 _c150949
_d150949